[Event "DEM U14 2017"]
[Site "Willingen GER"]
[Date "2017.06.09"]
[Round "8"]
[White "Suvorov, Luca"]
[Black "Svane, Frederik"]
[Result "1/2-1/2"]
[Termination "normal"]
[Board "1"]
[WhiteElo "2121"]
[BlackElo "2204"]
[WhiteClock "00:17:41"]
[BlackClock "00:09:36"]
[PlyCount "93"]
[WhiteFideId "12977071"]
[BlackFideId "12923044"]
[EventCountry "GER"]
[EventRounds "9"]
[EventType "swiss"]
[EventDate "2017.06.03"]

1. d4 {[%clk 1:30:59]} 1... Nf6 {[%clk 1:30:58]} 2. c4 {[%clk 1:31:23]} 2... e6
{[%clk 1:31:23]} 3. Nf3 {[%clk 1:31:48]} 3... b6 {[%clk 1:31:51]} 4. a3 { [%clk
1:31:46]} 4... Bb7 {[%clk 1:32:18]} 5. Nc3 {[%clk 1:32:11]} 5... d5 { [%clk
1:32:45]} 6. cxd5 {[%clk 1:32:33]} 6... Nxd5 {[%clk 1:33:13]} 7. Qc2 { [%clk
1:32:38]} 7... Nxc3 {[%clk 1:33:33]} 8. bxc3 {[%clk 1:33:01]} 8... Be7 { [%clk
1:34:00]} 9. e4 {[%clk 1:33:26]} 9... O-O {[%clk 1:34:26]} 10. Bd3 { [%clk
1:33:43]} 10... Nd7 {[%clk 1:34:49]} 11. O-O {[%clk 1:31:57]} 11... c5 { [%clk
1:35:15]} 12. Rd1 {[%clk 1:15:03]} 12... Qc7 {[%clk 1:27:24]} 13. Qe2 { [%clk
1:08:46]} 13... Rac8 {[%clk 1:18:22]} 14. a4 {[%clk 1:02:15]} 14... Rfd8 {[%clk
1:16:14]} 15. e5 {[%clk 0:42:33]} 15... Nf8 {[%clk 1:03:20]} 16. Be3 { [%clk
0:35:16]} 16... Ng6 {[%clk 1:03:42]} 17. a5 {[%clk 0:25:13]} 17... bxa5 { [%clk
0:58:14]} 18. Bxg6 {[%clk 0:18:12]} 18... hxg6 {[%clk 0:57:15]} 19. Ra2 { [%clk
0:07:01]} 19... Bd5 {[%clk 0:55:51]} 20. Raa1 {[%clk 0:05:58]} 20... Bb3 {[%clk
0:44:30]} 21. Rdb1 {[%clk 0:05:12]} 21... a4 {[%clk 0:44:45]} 22. Nd2 { [%clk
0:04:37]} 22... cxd4 {[%clk 0:45:11]} 23. Bxd4 {[%clk 0:03:32]} 23... Rb8
{[%clk 0:21:48]} 24. Nxb3 {[%clk 0:01:34]} 24... Rxb3 {[%clk 0:22:12]} 25. Rxb3
{[%clk 0:01:32]} 25... axb3 {[%clk 0:22:37]} 26. Rxa7 {[%clk 0:01:33]} 26...
Qb8 {[%clk 0:14:03]} 27. Ra1 {[%clk 0:01:36]} 27... b2 {[%clk 0:11:26]} 28. Rb1
{[%clk 0:01:58]} 28... Ba3 {[%clk 0:11:53]} 29. Qc4 {[%clk 0:01:13]} 29... Qa8
{[%clk 0:10:22]} 30. h3 {[%clk 0:01:05]} 30... Qe4 {[%clk 0:08:34]} 31. Qf1 {
[%clk 0:00:49]} 31... Qc2 {[%clk 0:07:45]} 32. Kh2 {[%clk 0:00:42]} 32... Rb8 {
[%clk 0:05:45]} 33. f3 {[%clk 0:00:45]} 33... Kf8 {[%clk 0:05:37]} 34. Kg3 {
[%clk 0:00:49]} 34... g5 {[%clk 0:04:44]} 35. Kh2 35... Kg8 {[%clk 0:03:23]}
36. Kg3 {[%clk 0:00:41]} 36... Rc8 {[%clk 0:02:18]} 37. Qd1 {[%clk 0:00:42]}
37... Qf5 {[%clk 0:01:46]} 38. Kf2 {[%clk 0:00:54]} 38... Rc4 {[%clk 0:01:11]}
39. Ke2 {[%clk 0:00:50]} 39... Qf4 {[%clk 0:00:45]} 40. Be3 {[%clk 0:00:47]}
40... Qf5 {[%clk 0:00:34]} 41. Bd4 {[%clk 0:23:48]} 41... Rc7 {[%clk 0:15:28]}
42. Qd3 {[%clk 0:19:26]} 42... Qf4 {[%clk 0:15:52]} 43. Qe3 {[%clk 0:18:56]}
43... Qg3 {[%clk 0:13:04]} 44. Qf2 {[%clk 0:16:42]} 44... Qf4 {[%clk 0:10:00]}
45. Qe3 {[%clk 0:16:56]} 45... Qg3 {[%clk 0:09:13]} 46. Qf2 {[%clk 0:17:20]}
46... Qf4 {[%clk 0:09:36]} 47. Qe3 {[%clk 0:17:41]} 1/2-1/2

[Event "DEM U14 2017"]
[Site "Willingen GER"]
[Date "2017.06.09"]
[Round "8"]
[White "Suvorov, Alexander"]
[Black "Sulayev, Daniel"]
[Result "1-0"]
[Termination "normal"]
[Board "2"]
[WhiteElo "2196"]
[BlackElo "1961"]
[WhiteClock "00:43:35"]
[BlackClock "01:02:13"]
[PlyCount "49"]
[WhiteFideId "12977063"]
[BlackFideId "12977675"]
[EventCountry "GER"]
[EventRounds "9"]
[EventType "swiss"]
[EventDate "2017.06.03"]

1. d4 {[%clk 1:30:58]} 1... Nf6 {[%clk 1:30:32]} 2. Nf3 {[%clk 1:31:18]} 2...
g6 {[%clk 1:30:19]} 3. c4 {[%clk 1:31:07]} 3... Bg7 {[%clk 1:30:41]} 4. g3 {
[%clk 1:31:12]} 4... O-O {[%clk 1:30:47]} 5. Bg2 {[%clk 1:31:12]} 5... d6 {
[%clk 1:31:10]} 6. Nc3 {[%clk 1:30:32]} 6... Nc6 {[%clk 1:30:48]} 7. O-O {
[%clk 1:30:47]} 7... e5 {[%clk 1:28:51]} 8. dxe5 {[%clk 1:30:15]} 8... dxe5 {
[%clk 1:29:11]} 9. Qxd8 {[%clk 1:28:37]} 9... Rxd8 {[%clk 1:29:30]} 10. Bg5 {
[%clk 1:28:56]} 10... Be6 {[%clk 1:28:43]} 11. Nd2 {[%clk 1:27:09]} 11... h6 {
[%clk 1:27:09]} 12. Bxf6 {[%clk 1:26:43]} 12... Bxf6 {[%clk 1:27:24]} 13. Nde4
{[%clk 1:26:29]} 13... Bg7 {[%clk 1:27:32]} 14. Nc5 {[%clk 1:23:06]} 14... Bc8
{[%clk 1:15:47]} 15. Nd5 {[%clk 1:17:20]} 15... Bf8 {[%clk 1:16:07]} 16. Nxc7 {
[%clk 1:12:24]} 16... Rb8 {[%clk 1:13:26]} 17. Ne4 {[%clk 1:11:11]} 17... Bf5 {
[%clk 1:11:41]} 18. Nd5 {[%clk 1:02:31]} 18... Nb4 {[%clk 1:08:49]} 19. Nec3 {
[%clk 0:50:31]} 19... b5 {[%clk 1:06:38]} 20. cxb5 {[%clk 0:46:43]} 20... Nxd5
{[%clk 1:06:33]} 21. Bxd5 {[%clk 0:46:29]} 21... Bb4 {[%clk 1:06:38]} 22. e4 {
[%clk 0:45:38]} 22... Bxc3 {[%clk 1:04:43]} 23. bxc3 {[%clk 0:45:24]} 23...
Rxb5 {[%clk 1:04:56]} 24. c4 {[%clk 0:43:43]} 24... Rdxd5 {[%clk 1:02:13]} 25.
exf5 {[%clk 0:43:35]} 1-0

[Event "DEM U14 2017"]
[Site "Willingen GER"]
[Date "2017.06.09"]
[Round "8"]
[White "Pajeken, Jakob Leon"]
[Black "Wachinger, Nikolas"]
[Result "1/2-1/2"]
[Termination "normal"]
[Board "3"]
[WhiteElo "2120"]
[BlackElo "2055"]
[WhiteClock "01:01:23"]
[BlackClock "00:21:39"]
[PlyCount "98"]
[WhiteFideId "12942839"]
[BlackFideId "12962791"]
[EventCountry "GER"]
[EventRounds "9"]
[EventType "swiss"]
[EventDate "2017.06.03"]

1. e4 {[%clk 1:30:41]} 1... c6 {[%clk 1:30:47]} 2. d4 {[%clk 1:30:44]} 2... d5
{[%clk 1:31:11]} 3. Nd2 {[%clk 1:31:02]} 3... dxe4 {[%clk 1:31:31]} 4. Nxe4 {
[%clk 1:31:25]} 4... Nf6 {[%clk 1:31:51]} 5. Nxf6+ {[%clk 1:31:31]} 5... exf6 {
[%clk 1:32:08]} 6. c3 {[%clk 1:31:27]} 6... Qd5 {[%clk 1:32:09]} 7. Nf3 { [%clk
1:23:13]} 7... Bd6 {[%clk 1:31:03]} 8. Be2 {[%clk 1:22:33]} 8... O-O { [%clk
1:27:48]} 9. O-O {[%clk 1:22:43]} 9... Bc7 {[%clk 1:25:35]} 10. b3 { [%clk
1:19:43]} 10... Bg4 {[%clk 1:19:45]} 11. h3 {[%clk 1:18:56]} 11... Bh5 { [%clk
1:16:58]} 12. Be3 {[%clk 1:17:18]} 12... Re8 {[%clk 1:08:18]} 13. Qd2 { [%clk
1:15:44]} 13... Nd7 {[%clk 0:58:31]} 14. Rad1 {[%clk 1:11:49]} 14... Nf8 {[%clk
0:53:23]} 15. Rfe1 {[%clk 1:05:07]} 15... Qd6 {[%clk 0:31:40]} 16. g3 { [%clk
1:03:12]} 16... Qd7 {[%clk 0:19:43]} 17. Kh2 {[%clk 0:55:57]} 17... Ng6 { [%clk
0:16:53]} 18. Ne5 {[%clk 0:52:52]} 18... fxe5 {[%clk 0:14:33]} 19. Bxh5 { [%clk
0:52:00]} 19... exd4 {[%clk 0:10:51]} 20. Qxd4 {[%clk 0:51:42]} 20... Qxd4
{[%clk 0:10:33]} 21. Bxd4 {[%clk 0:51:43]} 21... Rxe1 {[%clk 0:08:46]} 22. Rxe1
{[%clk 0:52:05]} 22... Bb6 {[%clk 0:08:36]} 23. Bxb6 {[%clk 0:49:59]} 23...
axb6 {[%clk 0:08:59]} 24. a4 {[%clk 0:49:55]} 24... Kf8 {[%clk 0:07:47]} 25.
Kg2 {[%clk 0:50:01]} 25... Ra5 {[%clk 0:05:57]} 26. Bxg6 {[%clk 0:48:40]} 26...
hxg6 {[%clk 0:06:20]} 27. f4 {[%clk 0:47:41]} 27... Rc5 {[%clk 0:05:42]} 28.
Re3 {[%clk 0:47:50]} 28... Rd5 {[%clk 0:04:25]} 29. Kf3 {[%clk 0:47:48]} 29...
b5 {[%clk 0:03:53]} 30. axb5 {[%clk 0:46:57]} 30... Rxb5 {[%clk 0:04:16]} 31.
c4 {[%clk 0:47:18]} 31... Ra5 {[%clk 0:03:56]} 32. Ke4 {[%clk 0:42:38]} 32...
Ke7 {[%clk 0:03:45]} 33. Kd4+ {[%clk 0:42:47]} 33... Kd7 {[%clk 0:04:00]} 34.
b4 {[%clk 0:41:39]} 34... Ra1 {[%clk 0:03:17]} 35. Kc5 {[%clk 0:41:20]} 35...
Ra6 {[%clk 0:02:27]} 36. b5 {[%clk 0:39:39]} 36... b6+ {[%clk 0:02:33]} 37. Kb4
{[%clk 0:39:29]} 37... c5+ {[%clk 0:02:53]} 38. Kb3 {[%clk 0:39:40]} 38... Ra1
{[%clk 0:03:05]} 39. Kc2 {[%clk 0:38:50]} 39... Ra2+ {[%clk 0:02:55]} 40. Kd3
{[%clk 0:38:08]} 40... Ra4 {[%clk 0:02:57]} 41. g4 {[%clk 0:35:18]} 41... f5
{[%clk 0:26:17]} 42. gxf5 {[%clk 1:05:02]} 42... gxf5 {[%clk 0:26:40]} 43. h4
{[%clk 1:04:41]} 43... Ra3+ {[%clk 0:26:38]} 44. Kd2 {[%clk 1:04:31]} 44...
Ra2+ {[%clk 0:26:41]} 45. Kd1 {[%clk 1:02:31]} 45... Ra4 {[%clk 0:25:37]} 46.
Rc3 {[%clk 1:01:56]} 46... Ke7 {[%clk 0:25:29]} 47. Ke2 {[%clk 1:01:32]} 47...
Ra2+ {[%clk 0:24:16]} 48. Kf3 {[%clk 1:01:39]} 48... Ra4 {[%clk 0:22:17]} 49.
Kg3 {[%clk 1:01:23]} 49... Kf7 {[%clk 0:21:39]} 1/2-1/2

[Event "DEM U14 2017"]
[Site "Willingen GER"]
[Date "2017.06.09"]
[Round "8"]
[White "Kopylov, Daniel"]
[Black "Wu, Leon"]
[Result "1-0"]
[Termination "normal"]
[Board "5"]
[WhiteElo "2138"]
[BlackElo "1957"]
[WhiteClock "00:09:22"]
[BlackClock "00:09:36"]
[PlyCount "117"]
[WhiteFideId "12921971"]
[BlackFideId "12977438"]
[EventCountry "GER"]
[EventRounds "9"]
[EventType "swiss"]
[EventDate "2017.06.03"]

1. e4 {[%clk 1:30:36]} 1... c5 {[%clk 1:30:44]} 2. Nf3 {[%clk 1:30:49]} 2... d6
{[%clk 1:30:49]} 3. d4 {[%clk 1:30:11]} 3... cxd4 {[%clk 1:30:59]} 4. Nxd4 {
[%clk 1:30:26]} 4... Nf6 {[%clk 1:31:07]} 5. Nc3 {[%clk 1:30:32]} 5... a6 {
[%clk 1:30:54]} 6. Be3 {[%clk 1:30:27]} 6... e5 {[%clk 1:30:11]} 7. Nf3 { [%clk
1:30:40]} 7... Qc7 {[%clk 1:25:15]} 8. a4 {[%clk 1:29:53]} 8... Be6 { [%clk
1:22:57]} 9. a5 {[%clk 1:29:33]} 9... Nc6 {[%clk 1:20:23]} 10. Bb6 { [%clk
1:27:27]} 10... Qd7 {[%clk 1:19:45]} 11. Ra4 {[%clk 1:05:32]} 11... d5 { [%clk
1:04:09]} 12. exd5 {[%clk 1:02:07]} 12... Nxd5 {[%clk 1:02:34]} 13. Nxd5 {[%clk
1:01:05]} 13... Qxd5 {[%clk 0:54:26]} 14. Qxd5 {[%clk 0:39:39]} 14... Bxd5
{[%clk 0:54:34]} 15. Be2 {[%clk 0:37:23]} 15... Be7 {[%clk 0:51:28]} 16. O-O
{[%clk 0:35:57]} 16... O-O {[%clk 0:50:25]} 17. Rd1 {[%clk 0:35:44]} 17... Be6
{[%clk 0:47:45]} 18. Bc4 {[%clk 0:30:14]} 18... Bxc4 {[%clk 0:45:31]} 19. Rxc4
19... Bd8 {[%clk 0:45:18]} 20. Rc5 {[%clk 0:19:47]} 20... f6 { [%clk 0:42:45]}
21. Kf1 {[%clk 0:15:08]} 21... Bxb6 {[%clk 0:42:33]} 22. axb6 { [%clk 0:15:32]}
22... Rfd8 {[%clk 0:41:46]} 23. Rxd8+ {[%clk 0:06:04]} 23... Rxd8 {[%clk
0:40:57]} 24. Ke2 {[%clk 0:05:02]} 24... Kf7 {[%clk 0:40:01]} 25. c3 {[%clk
0:03:39]} 25... Rd6 {[%clk 0:38:40]} 26. Nd2 {[%clk 0:03:16]} 26... Ke6 {[%clk
0:36:55]} 27. b4 {[%clk 0:01:56]} 27... Rd5 {[%clk 0:31:17]} 28. Ne4 {[%clk
0:01:02]} 28... Rd8 {[%clk 0:27:00]} 29. Ke3 {[%clk 0:00:57]} 29... f5 { [%clk
0:26:02]} 30. Nd2 {[%clk 0:00:41]} 30... Ne7 {[%clk 0:22:13]} 31. c4 { [%clk
0:00:44]} 31... Rd6 {[%clk 0:21:25]} 32. Nf3 {[%clk 0:00:44]} 32... Kf6 { [%clk
0:04:23]} 33. Nxe5 {[%clk 0:00:44]} 33... Re6 {[%clk 0:03:47]} 34. f4 { [%clk
0:01:13]} 34... Nc6 {[%clk 0:03:04]} 35. Rxc6 {[%clk 0:01:27]} 35... bxc6
{[%clk 0:03:22]} 36. b7 {[%clk 0:01:49]} 36... Re8 {[%clk 0:02:40]} 37. b8=Q {
[%clk 0:02:07]} 37... Rxb8 {[%clk 0:02:53]} 38. Nd7+ {[%clk 0:02:32]} 38... Ke6
{[%clk 0:03:09]} 39. Nxb8 {[%clk 0:02:56]} 39... c5 {[%clk 0:03:13]} 40. bxc5 {
[%clk 0:03:18]} 40... a5 {[%clk 0:03:28]} 41. Kd4 {[%clk 0:03:31]} 41... a4 {
[%clk 0:03:44]} 42. Na6 {[%clk 0:03:59]} 42... h6 {[%clk 0:03:54]} 43. Nb4 {
[%clk 0:04:21]} 43... g5 {[%clk 0:04:14]} 44. g3 {[%clk 0:04:44]} 44... gxf4 {
[%clk 0:04:17]} 45. gxf4 {[%clk 0:05:13]} 45... a3 {[%clk 0:04:26]} 46. c6 {
[%clk 0:05:38]} 46... Kd6 {[%clk 0:04:53]} 47. c5+ {[%clk 0:06:03]} 47... Kc7 {
[%clk 0:05:19]} 48. Kd5 {[%clk 0:06:28]} 48... Kc8 {[%clk 0:05:43]} 49. Kd6 {
[%clk 0:06:47]} 49... h5 {[%clk 0:06:01]} 50. c7 {[%clk 0:06:58]} 50... a2 {
[%clk 0:06:15]} 51. Nxa2 {[%clk 0:06:13]} 51... h4 {[%clk 0:06:41]} 52. Nc3 {
[%clk 0:06:39]} 52... h3 {[%clk 0:07:08]} 53. Nd5 {[%clk 0:07:05]} 53... Kb7 {
[%clk 0:07:33]} 54. c6+ {[%clk 0:07:32]} 54... Ka7 {[%clk 0:07:54]} 55. Nc3 {
[%clk 0:07:48]} 55... Kb6 {[%clk 0:08:18]} 56. c8=Q {[%clk 0:08:10]} 56... Ka5
{[%clk 0:08:43]} 57. Qb8 {[%clk 0:08:31]} 57... Ka6 {[%clk 0:09:09]} 58. Qb7+ {
[%clk 0:08:57]} 58... Ka5 {[%clk 0:09:36]} 59. Qb5# {[%clk 0:09:22]} 1-0

[Event "DEM U14 2017"]
[Site "Willingen GER"]
[Date "2017.06.09"]
[Round "8"]
[White "Yankelevich, Michael"]
[Black "Bosselmann, Tom Linus"]
[Result "1/2-1/2"]
[Termination "normal"]
[Board "6"]
[WhiteElo "1886"]
[BlackElo "1930"]
[WhiteClock "00:43:19"]
[BlackClock "00:34:47"]
[PlyCount "59"]
[WhiteFideId "12921440"]
[BlackFideId "12983845"]
[EventCountry "GER"]
[EventRounds "9"]
[EventType "swiss"]
[EventDate "2017.06.03"]

1. d4 {[%clk 1:30:59]} 1... Nf6 {[%clk 1:30:50]} 2. c4 {[%clk 1:31:01]} 2... e6
{[%clk 1:31:02]} 3. Nf3 {[%clk 1:31:05]} 3... b6 {[%clk 1:30:55]} 4. a3 4...
Bb7 {[%clk 1:30:58]} 5. Nc3 {[%clk 1:31:24]} 5... Be7 {[%clk 1:30:39]} 6. Bf4 {
[%clk 1:30:24]} 6... d5 {[%clk 1:29:58]} 7. cxd5 {[%clk 1:30:26]} 7... exd5 {
[%clk 1:29:43]} 8. Qa4+ {[%clk 1:30:13]} 8... c6 {[%clk 1:23:05]} 9. e3 { [%clk
1:27:50]} 9... O-O {[%clk 1:22:33]} 10. Bd3 {[%clk 1:27:14]} 10... Nbd7 { [%clk
1:20:11]} 11. O-O {[%clk 1:24:11]} 11... Re8 {[%clk 1:11:00]} 12. Qc2 { [%clk
1:21:39]} 12... Bf8 {[%clk 1:08:17]} 13. Ne5 {[%clk 1:19:46]} 13... c5 { [%clk
1:06:32]} 14. Bf5 {[%clk 1:16:50]} 14... g6 {[%clk 1:05:22]} 15. Nxd7 { [%clk
1:16:03]} 15... Nxd7 {[%clk 1:05:13]} 16. Bh3 {[%clk 1:15:40]} 16... a6 { [%clk
1:00:09]} 17. Rad1 {[%clk 1:12:04]} 17... c4 {[%clk 0:58:26]} 18. g3 { [%clk
1:11:19]} 18... f5 {[%clk 0:56:47]} 19. Bg2 {[%clk 1:06:36]} 19... Nf6 { [%clk
0:55:45]} 20. Be5 {[%clk 1:05:19]} 20... Ng4 {[%clk 0:55:11]} 21. Bf4 { [%clk
1:02:36]} 21... Nf6 {[%clk 0:55:22]} 22. h3 {[%clk 1:02:08]} 22... b5 { [%clk
0:54:39]} 23. Qe2 {[%clk 1:00:11]} 23... Qd7 {[%clk 0:52:18]} 24. Be5 { [%clk
0:59:49]} 24... Bg7 {[%clk 0:51:14]} 25. f3 {[%clk 0:59:04]} 25... Rad8 { [%clk
0:43:15]} 26. Rde1 {[%clk 0:53:28]} 26... Qe6 {[%clk 0:39:01]} 27. Qf2 { [%clk
0:47:28]} 27... Rf8 {[%clk 0:38:19]} 28. Qc2 {[%clk 0:46:58]} 28... Rde8 {[%clk
0:37:20]} 29. Kh2 {[%clk 0:46:14]} 29... Qd7 {[%clk 0:34:47]} 30. Rf2 { [%clk
0:43:19]} 1/2-1/2

[Event "DEM U14 2017"]
[Site "Willingen GER"]
[Date "2017.06.09"]
[Round "8"]
[White "Dobrikov, Marco"]
[Black "Weishäutel, Moritz"]
[Result "1-0"]
[Termination "normal"]
[Board "7"]
[WhiteElo "2012"]
[BlackElo "2102"]
[WhiteClock "00:41:47"]
[BlackClock "00:04:47"]
[PlyCount "61"]
[WhiteFideId "12950378"]
[BlackFideId "12967300"]
[EventCountry "GER"]
[EventRounds "9"]
[EventType "swiss"]
[EventDate "2017.06.03"]

1. e4 {[%clk 1:30:57]} 1... e5 {[%clk 1:30:51]} 2. Nf3 {[%clk 1:31:16]} 2...
Nc6 {[%clk 1:31:17]} 3. Bc4 {[%clk 1:30:05]} 3... Bc5 {[%clk 1:31:38]} 4. c3 {
[%clk 1:29:55]} 4... Nf6 {[%clk 1:32:03]} 5. d3 {[%clk 1:29:53]} 5... O-O {
[%clk 1:31:55]} 6. Bb3 {[%clk 1:28:32]} 6... a6 {[%clk 1:30:58]} 7. O-O { [%clk
1:28:47]} 7... Ba7 {[%clk 1:29:44]} 8. Nbd2 {[%clk 1:28:16]} 8... d6 { [%clk
1:29:21]} 9. Re1 {[%clk 1:28:27]} 9... Ne7 {[%clk 1:29:16]} 10. Nf1 { [%clk
1:28:33]} 10... Ng6 {[%clk 1:29:11]} 11. Ng3 {[%clk 1:28:38]} 11... Be6 { [%clk
1:20:50]} 12. Bc2 {[%clk 1:25:28]} 12... Qd7 {[%clk 1:14:42]} 13. Be3 { [%clk
1:11:17]} 13... h6 {[%clk 1:04:29]} 14. h3 {[%clk 1:01:49]} 14... c5 { [%clk
0:22:12]} 15. d4 {[%clk 0:57:26]} 15... cxd4 {[%clk 0:22:22]} 16. cxd4 { [%clk
0:57:51]} 16... Qc7 {[%clk 0:21:30]} 17. Rc1 {[%clk 0:55:26]} 17... Qa5 { [%clk
0:19:52]} 18. Bb3 {[%clk 0:53:23]} 18... Bxb3 {[%clk 0:18:49]} 19. Qxb3 { [%clk
0:53:51]} 19... b5 {[%clk 0:15:45]} 20. Nf5 {[%clk 0:52:35]} 20... Rfd8 { [%clk
0:09:28]} 21. Bxh6 {[%clk 0:44:44]} 21... gxh6 {[%clk 0:09:49]} 22. Nxh6+
{[%clk 0:45:09]} 22... Kg7 {[%clk 0:10:14]} 23. Qxf7+ {[%clk 0:45:29]} 23...
Kxh6 {[%clk 0:10:43]} 24. Qxf6 {[%clk 0:45:47]} 24... Rf8 {[%clk 0:06:22]} 25.
Qg5+ {[%clk 0:46:11]} 25... Kg7 {[%clk 0:06:24]} 26. Nh4 {[%clk 0:42:42]} 26...
Rf6 {[%clk 0:06:49]} 27. b4 {[%clk 0:40:56]} 27... Qb6 {[%clk 0:06:10]} 28.
Nxg6 {[%clk 0:40:59]} 28... Rxg6 {[%clk 0:06:26]} 29. Qe7+ {[%clk 0:41:26]}
29... Kh6 30. Rc7 {[%clk 0:41:47]} 30... Rag8 {[%clk 0:04:47]} 31. Qh4# 1-0

[Event "DEM U14 2017"]
[Site "Willingen GER"]
[Date "2017.06.09"]
[Round "8"]
[White "Wagner, Benjamin"]
[Black "Woelk, Tom-Frederic"]
[Result "0-1"]
[Termination "normal"]
[Board "8"]
[WhiteElo "1991"]
[BlackElo "2033"]
[WhiteClock "00:03:10"]
[BlackClock "00:16:35"]
[PlyCount "120"]
[WhiteFideId "12957330"]
[BlackFideId "12993077"]
[EventCountry "GER"]
[EventRounds "9"]
[EventType "swiss"]
[EventDate "2017.06.03"]

1. e4 {[%clk 1:30:59]} 1... c5 {[%clk 1:30:57]} 2. Nf3 {[%clk 1:31:26]} 2... d6
{[%clk 1:31:24]} 3. d4 {[%clk 1:31:53]} 3... cxd4 {[%clk 1:31:50]} 4. Nxd4 {
[%clk 1:32:19]} 4... Nf6 {[%clk 1:32:17]} 5. Nc3 {[%clk 1:32:44]} 5... a6 {
[%clk 1:32:43]} 6. Bg5 {[%clk 1:33:01]} 6... e6 {[%clk 1:33:00]} 7. f4 { [%clk
1:33:27]} 7... h6 {[%clk 1:33:25]} 8. Bh4 {[%clk 1:33:27]} 8... Qb6 { [%clk
1:33:33]} 9. Qd2 {[%clk 1:33:46]} 9... Qxb2 {[%clk 1:33:58]} 10. Rb1 { [%clk
1:34:10]} 10... Qa3 {[%clk 1:34:24]} 11. e5 {[%clk 1:33:29]} 11... dxe5 { [%clk
1:34:40]} 12. fxe5 {[%clk 1:33:49]} 12... Nfd7 {[%clk 1:35:07]} 13. Ne4 { [%clk
1:33:10]} 13... Qxa2 {[%clk 1:35:11]} 14. Rd1 {[%clk 1:33:22]} 14... Qd5 {[%clk
1:35:33]} 15. Qe3 {[%clk 1:32:49]} 15... Qxe5 {[%clk 1:35:41]} 16. Bg3 { [%clk
1:24:33]} 16... Qa5+ {[%clk 1:35:57]} 17. Rd2 {[%clk 1:19:17]} 17... Qb6 {[%clk
1:13:32]} 18. Bc4 {[%clk 1:03:38]} 18... Be7 {[%clk 0:59:20]} 19. Nd6+ { [%clk
0:54:21]} 19... Bxd6 {[%clk 0:55:07]} 20. Bxd6 {[%clk 0:53:54]} 20... Qxd6
{[%clk 0:30:30]} 21. Nxe6 {[%clk 0:50:06]} 21... Qe5 {[%clk 0:24:19]} 22. Nc7+
{[%clk 0:41:03]} 22... Ke7 {[%clk 0:24:35]} 23. Re2 {[%clk 0:40:31]} 23... Qxe3
{[%clk 0:23:52]} 24. Rxe3+ {[%clk 0:40:47]} 24... Kd6 {[%clk 0:23:48]} 25. Nxa8
{[%clk 0:40:47]} 25... Ne5 {[%clk 0:17:45]} 26. Nb6 {[%clk 0:36:16]} 26... Nbc6
{[%clk 0:17:06]} 27. Nxc8+ {[%clk 0:32:04]} 27... Rxc8 {[%clk 0:17:29]} 28. Bb3
{[%clk 0:31:00]} 28... b5 {[%clk 0:16:37]} 29. O-O {[%clk 0:20:40]} 29... f6
{[%clk 0:16:38]} 30. Rc3 {[%clk 0:18:07]} 30... Re8 {[%clk 0:10:36]} 31. Rd1+
{[%clk 0:16:47]} 31... Kc7 {[%clk 0:10:45]} 32. Rc5 {[%clk 0:13:06]} 32... Kb6
{[%clk 0:09:03]} 33. Rcd5 {[%clk 0:12:33]} 33... Re7 {[%clk 0:07:30]} 34. Rd6
{[%clk 0:11:32]} 34... a5 {[%clk 0:07:09]} 35. Bd5 {[%clk 0:05:22]} 35... Rc7
{[%clk 0:06:25]} 36. Bxc6 {[%clk 0:03:16]} 36... Rxc6 {[%clk 0:06:43] } 37.
Rxc6+ {[%clk 0:02:37]} 37... Kxc6 {[%clk 0:07:05]} 38. Kf2 { [%clk 0:02:18]}
38... Kc5 {[%clk 0:07:20]} 39. Ke3 {[%clk 0:01:42]} 39... Kc4 { [%clk 0:07:22]}
40. Kd2 {[%clk 0:01:38]} 40... b4 {[%clk 0:03:56]} 41. Kc1 { [%clk 0:00:32]}
41... a4 {[%clk 0:01:12]} 42. Rd8 {[%clk 0:28:06]} 42... Kc3 { [%clk 0:17:39]}
43. Rc8+ {[%clk 0:26:02]} 43... Nc4 {[%clk 0:17:58]} 44. Rd8 { [%clk 0:23:19]}
44... b3 {[%clk 0:18:09]} 45. Rd3+ {[%clk 0:23:43]} 45... Kb4 { [%clk 0:18:32]}
46. cxb3 {[%clk 0:22:41]} 46... axb3 {[%clk 0:18:32]} 47. Rg3 { [%clk 0:19:18]}
47... g5 {[%clk 0:16:32]} 48. Kb1 {[%clk 0:15:59]} 48... f5 { [%clk 0:14:33]}
49. Rd3 {[%clk 0:15:24]} 49... f4 {[%clk 0:14:24]} 50. h3 { [%clk 0:14:07]}
50... h5 {[%clk 0:14:33]} 51. Rd5 {[%clk 0:10:40]} 51... Kc3 { [%clk 0:14:39]}
52. Rc5 {[%clk 0:10:46]} 52... g4 {[%clk 0:15:00]} 53. hxg4 { [%clk 0:09:11]}
53... hxg4 {[%clk 0:15:23]} 54. Kc1 {[%clk 0:07:52]} 54... f3 { [%clk 0:15:43]}
55. gxf3 {[%clk 0:07:30]} 55... gxf3 {[%clk 0:16:08]} 56. Kd1 { [%clk 0:07:14]}
56... b2 {[%clk 0:15:00]} 57. Rb5 {[%clk 0:07:34]} 57... Na3 { [%clk 0:15:20]}
58. Rxb2 {[%clk 0:02:30]} 58... Kxb2 {[%clk 0:15:43]} 59. Ke1 { [%clk 0:02:49]}
59... Nc4 {[%clk 0:16:09]} 60. Kf2 {[%clk 0:03:10]} 60... Ne5 { [%clk 0:16:35]}
0-1